Živnosti v Rakousku. Zahraniční zkušenosti.

Počet živností. Zamestnanci v živnostiach. Stav učňovského dorastu. Rozvoj živností podľa jednotlivých veľkostných skupín. Investície a financie. Základné problémy z hľadiska živnostenských podnikov.

Na minha lista:
Detalhes bibliográficos
Formato: Capítulo de Livro
Idioma:tcheco
Assuntos:
Tags: Adicionar Tag
Sem tags, seja o primeiro a adicionar uma tag!

MARC

LEADER 00000naa a2200000 4500
001 r002246
005 20220819181253.2
041 0 |a cze 
044 |a [CS] 
245 1 0 |a Živnosti v Rakousku.  |b Zahraniční zkušenosti. 
520 |a Počet živností. Zamestnanci v živnostiach. Stav učňovského dorastu. Rozvoj živností podľa jednotlivých veľkostných skupín. Investície a financie. Základné problémy z hľadiska živnostenských podnikov. 
610 2 0 |a remeslá 
610 2 0 |a učni 
610 2 0 |a Rakúsko 
610 2 0 |a podnik súkromný 
610 2 0 |a investície 
610 2 0 |a financie